[Event "AUT-ch U10"]
[Site "Feldkirchen"]
[Date "1998.??.??"]
[Round "1"]
[White "Pirker, Christian"]
[Black "Stadler, Daniel"]
[Result "1-0"]
[WhiteElo "1447"]
[BlackElo "1279"]
[PlyCount "89"]
[EventDate "1998.05.30"]
[EventType "swiss"]
[EventRounds "7"]
[EventCountry "AUT"]
[SourceTitle "EXT 2000"]
[Source "ChessBase"]
[SourceDate "1999.11.16"]
[SourceVersion "1"]
[SourceVersionDate "1999.11.16"]
[SourceQuality "1"]

1. e4 e5 2. Nf3 Nc6 3. Bc4 Nf6 4. 0-0 Bc5 5. Nxe5 Nxe5 6. d4 Nxc4 7. dxc5 0-0 8. Re1 d6 9. cxd6 cxd6 10. Qd3 d5 11. exd5 Qxd5 12. Qg3 Bd7 13. Bh6 Nh5 14. Nc3 Nxg3 15. Nxd5 gxh6 16. Nf6+ Kh8 17. Nxd7 Rfe8 18. hxg3 Rad8 19. Rxe8+ Rxe8 20. b3 Nd2 21. Rd1 Ne4 22. Re1 Nd6 23. Rxe8+ Nxe8 24. f4 Nd6 25. Nf6 Kg7 26. Nd5 Ne4 27. Kh2 Kg6 28. c4 Kh5 29. Ne3 Nc3 30. a4 Kg6 31. c5 Kf6 32. Ng4+ Kg6 33. Ne5+ Kg7 34. c6 bxc6 35. Nxc6 a6 36. Nb8 a5 37. Nc6 Nd5 38. Nxa5 Kf6 39. Nc6 Ke6 40. Ne5 f6 41. Ng4 h5 42. Nf2 Kd6 43. Ne4+ Ke6 44. Kh3 f5 45. Ng5+ 1-0